Sobre qué nos adeuda el derecho concursal (Registro nro. 21038)

Detalles MARC
000 -LEADER
fixed length control field 00328 a2200109 4500
001 - CONTROL NUMBER
control field ART_42194
005 - DATE AND TIME OF LATEST TRANSACTION
control field 20260410161806.0
008 - FIXED-LENGTH DATA ELEMENTS--GENERAL INFORMATION
fixed length control field 260409a
100 1# - MAIN ENTRY--PERSONAL NAME
Personal name Vaiser, Lidia
245 10 - TITLE STATEMENT
Title Sobre qué nos adeuda el derecho concursal
773 0# - HOST ITEM ENTRY
Title Doctrina Societaria y Concursal
Related parts - Nº 298 (set. 2012)
Record control number REV4298

No hay ítems disponibles.